00571nam a2200157Ia 4500008004100000040001800041041000800059100001700067245002500084260004800109300001800157500006600175505012700241650002400368650002100392130821s1979 fr gr fre  aCo-BoUCMbspa afre aHugo, Victor aTheatrecVictor Hugo aParís (Francia)bGarnier Flammarionc1979 a632 páginas aEjemplar 2 : disponible en 24 horas a partir de la solicitud. aContenido: Lucrece Borgia p. 33-142 -- Marie Tudor p. 143-272 -- Angelo, Tyran de Padoue p. 273-387 -- Ruy Blas p. 389-53804aLiteratura francesa04aTeatro francés